00365nam a2200145Ia 4500008004100000041000800041082001700049100001300066245002800079260001700107300002700124365001700151500000600168700004500174230718s9999 xx 000 0 und d aeng a621.381bBEE aBeeby S. aMems Mechanical Sensors c2004bArtech a269dRef 804 E (21990) cRs.b5524.00 aR aBeeby S., Ensell G., Kraft M. & White N.